Flagi państw nieuznawanych z Yakko's World - Statystyki

Ogólne statystyki
  • Ten quiz został rozwiązany 13 razy
  • Średni wynik to 10 z 26
Statystyki odpowiedzi
Obrazkowy Odpowiedź % Poprawnych
Szkocja
100%
Portoryko
89%
Grenlandia
78%
Guam
78%
Hong Kong
78%
Palestyna
78%
Jugosławia
67%
Bermudy
44%
Czechosłowacja
44%
Kajmany
44%
Majotta
44%
Zair
44%
Tybet
33%
Jemen Północny
22%
Jemen Południowy
22%
Abu Zabi
11%
Birma
11%
Borneo
11%
Gujana Francuska
11%
Karaiby
11%
Kreta
11%
San Juan
11%
Siedmiogród
11%
Sumatra
11%
Dahomej
0%
Kampucza
0%
Nie znaleziono quizów pasujących do podanych kryteriów
Rozkład punktacji
Procent ludzi z każdym wynikiem
Percentyl według liczby udzielonych odpowiedzi
Twoja historia wyników
Nie rozwiązałeś tego quizu